Online
Catalog

Manual de derecho de autor : (Record no. 22953)

MARC details
000 -CABECERA
campo de control de longitud fija 00891nam a2200241 a 4500
001 - NÚMERO DE CONTROL
campo de control 000023457
005 - FECHA Y HORA DE LA ÚLTIMA TRANSACCIÓN
campo de control 20260310121619.0
008 - DATOS DE LONGITUD FIJA--INFORMACIÓN GENERAL
campo de control de longitud fija 101208s2006 ck r 000 0 spa d
020 ## - NÚMERO INTERNACIONAL ESTÁNDAR DEL LIBRO
Número Internacional Estándar del Libro 9586711072
040 ## - FUENTE DE LA CATALOGACIÓN
Centro catalogador/agencia de origen DO-SdBNP
Lengua de catalogación spa
Centro/agencia transcriptor BNPHU
082 ## - NÚMERO DE LA CLASIFICACIÓN DECIMAL DEWEY
Número de clasificación 346.0482
Número de documento/Ítem A189m
049 ## - FONDOS LOCALES (OCLC)
Fondos de biblioteca BNGR
100 1# - ENTRADA PRINCIPAL--NOMBRE DE PERSONA
Nombre de persona Acuña, Oscar
9 (RLIN) 48334
245 10 - MENCIÓN DE TÍTULO
Título Manual de derecho de autor :
Resto del título para las bibliotecas públicas en Colombia /
Mención de responsabilidad, etc. Oscar Acuña; prólogo de Mary Girlado.
260 ## - PUBLICACIÓN, DISTRIBUCIÓN, ETC.
Lugar de publicación, distribución, etc. Bogotá, (Colombia) :
Nombre del editor, distribuidor, etc. CERLALC,
Fecha de publicación, distribución, etc. 2006.
300 ## - DESCRIPCIÓN FÍSICA
Extensión 98 p. ;
Dimensiones 22 cm.
500 ## - NOTA GENERAL
Nota general Incluye notas al pie de páginas
650 #0 - PUNTO DE ACCESO ADICIONAL DE MATERIA--TÉRMINO DE MATERIA
Término de materia o nombre geográfico como elemento de entrada Derechos de autor
9 (RLIN) 551
650 #0 - PUNTO DE ACCESO ADICIONAL DE MATERIA--TÉRMINO DE MATERIA
Término de materia o nombre geográfico como elemento de entrada Patentes de invención
Subdivisión general Legislación
9 (RLIN) 48335
650 #4 - PUNTO DE ACCESO ADICIONAL DE MATERIA--TÉRMINO DE MATERIA
Término de materia o nombre geográfico como elemento de entrada Propiedad industrial
Subdivisión general Legislación
-- Manuales
9 (RLIN) 48336
700 1# - PUNTO DE ACCESO ADICIONAL--NOMBRE DE PERSONA
Nombre de persona Girlado, Mary,
Término indicativo de función/relación pról.
9 (RLIN) 48337
710 2# - PUNTO DE ACCESO ADICIONAL--NOMBRE DE ENTIDAD CORPORATIVA
Nombre de entidad corporativa o nombre de jurisdicción como elemento de entrada Centro Regional para el Fomento del Libro en América Latina y el Caribe
9 (RLIN) 48338
Holdings
Estado de retiro Estado de pérdida Restricciones de uso No para préstamo Código de colección Localización permanente Ubicación/localización actual Ubicación en estantería Fecha de adquisición Número de inventario Total de préstamos Signatura topográfica completa Código de barras Fecha visto por última vez Precio válido a partir de Tipo de ítem Koha
        Monografías: Libros y Folletos General General En catalogación 08.12.2010 LF1   346.0482 A189m 23457-10 25.06.2020 25.06.2020 Préstamo en sala

Powered by Koha